HAPI. Hispanic American periodicals index /
Guardado en:
| Hovedforfatter: | |
|---|---|
| Autores Corporativos: | , |
| Andre forfattere: | |
| Format: | Texto |
| Udgivet: |
California:
UCLA
|
| Tags: |
Tilføj Tag
Ingen Tags, Vær først til at tagge denne postø!
|
MARC
| LEADER | 00000 a a2200000 04500 | ||
|---|---|---|---|
| 001 | 23408 | ||
| 003 | |||
| 040 | |||
| 020 | |a 0-87903-401-7 | ||
| 090 | |a 161900 | ||
| 100 | |a Barbara G. valk | ||
| 110 | |a UCLA | ||
| 245 | |a HAPI. Hispanic American periodicals index / |c UCLA | ||
| 260 | |a California: |b UCLA | ||
| 300 | |a 608 p | ||
| 700 | |a Ludwig Lauerhass, JR. |a ed. | ||
| 710 | |a Latin American Center Publications |a University of California, Los Angeles | ||
| 999 | |c 12753 |d 12753 | ||



